El Desarrollo de la industria en Costa Rica. Elementos para su interpretación /
Guardat en:
| Autor principal: | |
|---|---|
| Altres autors: | |
| Format: | Thesis |
| Publicat: |
San José:
s.e.
|
| Etiquetes: |
Afegir etiqueta
Sense etiquetes, Sigues el primer a etiquetar aquest registre!
|
MARC
| LEADER | 00000 a a2200000 04500 | ||
|---|---|---|---|
| 001 | 24602 | ||
| 003 | |||
| 040 | |a CRAI/IIS |c CRAI/IIS | ||
| 090 | |a 16960.00 | ||
| 100 | |a Garnier Rímolo, Leonardo | ||
| 245 | |a El Desarrollo de la industria en Costa Rica. Elementos para su interpretación / |c Leonardo Garnier Rímolo | ||
| 260 | |a San José: |b s.e. | ||
| 300 | |a 171 p |b **no definido** | ||
| 502 | |a Tesis (Licenciado en Economía) -- Universidad de Costa Rica. Facultad de Ciencias Sociales. Escuela de Economía, 1977 | ||
| 700 | |a Herrero Acosta, Fernando | ||
| 999 | |c 18081 |d 18081 | ||
